000 00585nam a2200229Ia 4500
003 OSt
005 20221007071208.0
006 a|||||r|||| 00| 0
007 ta
008 221006b |||||||| |||| 00| 0 eng d
024 _a14,890
037 _cTextual
040 _aFLL
_cFLL
_beng
041 _2eng
_aeng
082 _aX:9:Z3, E6
100 _aTillyard Frank
_9688285
245 0 _aIndustrial law
260 _aLondon
_bA. & C. Black, Ltd. London
_c1916
300 _a626p
_ccm.
942 _hX:9:Z3, E6
_cTEXL
_2CC
999 _c1142715
_d1142715